Logos de marcas europeas - Estadísticas

Estadísticas generales
  • Esta prueba ha sido intentada 8.001 veces
    7.368 desde el último reinicio
  • La puntuación promedio es 14 de 20
Estadísticas de respuestas
Imagen Respuesta % Correcto
Spotify
99%
LEGO
98%
Puma
97%
Adidas
94%
Nestlé
94%
Red Bull
92%
Ferrari
91%
Michelin
91%
Lacoste
90%
Gucci
86%
Rolex
82%
Louis Vuitton
81%
Volkswagen
73%
Ryanair
54%
Amstel
49%
Mango
47%
Knorr
28%
Decathlon
22%
Unilever
22%
Godiva Chocolatier
3%
No se encontraron pruebas coincidentes
Distribución de puntuación
Porcentaje de gente con cada puntuación
Porcentaje por número respondido
Historial de tus puntuaciones
No has intentado esta prueba desde el último reinicio